| 000 | 01226nam a22003015a 4500 | ||
|---|---|---|---|
| 003 | OSt | ||
| 005 | 20180121143702.0 | ||
| 008 | 180121s1994 ua fr 000 0 ara d | ||
| 017 | _a94 / 11048 | ||
| 020 | _a9775421020 | ||
| 040 |
_aEG-ScBUE _bara _cEG-ScBUE |
||
| 041 | 1 |
_aara _hund |
|
| 082 | 0 | 4 |
_a338.191724 _bخ ر ا _222 |
| 245 | 0 | 0 |
_aخرافة التنمية، أو، السوق العالمي لتجارة الجوع / _cإعداد وترجمة أمير سالم، علاء غنام. |
| 246 | 3 | 3 | _aسوق العالمي لتجارة الجوع |
| 250 | _aط. 1. | ||
| 260 |
_aالقاهرة : _bمركز الدراسات والمعلومات القانونية لحقوق الإنسان، _c1994. |
||
| 300 |
_a150 ص. ؛ _c24 سم. |
||
| 650 | 7 |
_aالتغذية _zالدول النامية. _2BUEsh _922036 |
|
| 650 | 7 |
_aالجوع _zالدول النامية. _2BUEsh |
|
| 650 | 7 |
_aالأغذية _xصناعة وتجارة. _2BUEsh |
|
| 650 | 7 |
_aالعلاقات الاقتصادية الدولية. _2BUEsh _915470 |
|
| 651 | _2BUEsh | ||
| 653 |
_bLLAAWW _bGGEN _cJanuary2018 |
||
| 700 | 1 |
_aسالم، أمير، _eمعد، _eمترجم. |
|
| 700 | 1 |
_aغنام، علاء، _eمعد، _eمترجم. |
|
| 942 | _2ddc | ||
| 999 |
_c25981 _d25953 |
||